000
00231nam a2200097Ia 4500
008
170619s9999 xx 000 0 und d
100
_a
Ram- B
245
0
_a
Power system protection & switchgear
260
_b
New Delhi: TMH
260
_c
2006
546
_a
ENGLISH
999
_c
18185
_d
18185